Islam dalam kehidupan masyarakat

Bibliographic Details
Main Author: Zaluddin Haji Sulaiman
Format: Book
Published: Kuala Lumpur : Darul Nu'man , 1995
Series:fo
Subjects:

MARC

LEADER 00000cam a2200000 7i4500
001 0000013362
005 20080111.0
008 080111
020 |a 983046072X 
090 0 0 |a 297.27   |b ZAL 
100 1 |a Zaluddin Haji Sulaiman 
245 1 0 |a Islam dalam kehidupan masyarakat   |c Zaluddin Haji Sulaiman 
260 |a Kuala Lumpur :   |b Darul Nu'man ,   |c 1995 
440 |a fo 
650 0 |a Fociety   |x religious aspects   |x Islam 
999 |a 0001006515   |b Book   |c Adult Collection   |e Perbadanan Perpustakaan Awam Johor 
999 |a 0001006517   |b Book   |c Adult Collection   |e Perbadanan Perpustakaan Awam Johor